00474nam a2200145Ia 4500008004100000100001400041245010900055245004300164260003500207260000900242300002500251500000900276650002300285650002000308170224s9999 xx 000 0 und d aKihan Kim aCompetition and coexistence of sports media: the case of watching the 2014 Sochi Winter Olympic Games  cKihan Kim, Yunjae Cheong & Hyuksoo Kim bAsian Journal of Communication c2016 a26:5, Pages: 485-503 a2016 xCommunication Arts xMultimedia Arts